The theoretical system of Karl Marx in the light of recent criticism / (Record no. 71276)
[ view plain ]
| 000 -LEADER | |
|---|---|
| fixed length control field | 00947nam a2200253 a 4500 |
| 001 - CONTROL NUMBER | |
| control field | 71276 |
| 003 - CONTROL NUMBER IDENTIFIER | |
| rucl marc code | BD-RjUL |
| 005 - DATE AND TIME OF LATEST TRANSACTION | |
| control field | 20211209082109.0 |
| 008 - FIXED-LENGTH DATA ELEMENTS--GENERAL INFORMATION | |
| fixed length control field | 170430r19151907ilu 001 0 eng d |
| 035 ## - SYSTEM CONTROL NUMBER | |
| System control number | (BD-RjUL)71491 |
| 040 ## - CATALOGING SOURCE | |
| Original cataloging agency | DLC |
| Transcribing agency | OU |
| Modifying agency | OCoLC |
| -- | BD-RjUL |
| Language of cataloging | eng |
| 041 ## - LANGUAGE CODE | |
| Language code of text/sound track or separate title | eng |
| 082 ## - DEWEY DECIMAL CLASSIFICATION NUMBER | |
| Edition number | 23 |
| Classification number | 335.4 |
| Author mark and year | BOT 1915 |
| 100 1# - MAIN ENTRY--PERSONAL NAME | |
| Personal name | Boudin, Louis B. |
| Fuller form of name | (Louis Boudianoff), |
| Dates associated with a name | 1874-1952. |
| 9 (RLIN) | 210885 |
| 245 14 - TITLE STATEMENT | |
| Title | The theoretical system of Karl Marx in the light of recent criticism / |
| Statement of responsibility, etc. | by Louis B. Boudin |
| 260 ## - PUBLICATION, DISTRIBUTION, ETC. (IMPRINT) | |
| Place of publication, distribution, etc. | Chicago : |
| Name of publisher, distributor, etc. | C. H. Kerr & Company, |
| Date of publication, distribution, etc. | c1907 [printing 1915] |
| 300 ## - PHYSICAL DESCRIPTION | |
| Pagination | v, 286 p. ; |
| Size | 20 cm. |
| 500 ## - GENERAL NOTE | |
| General note | "The present volume is substantially a reprint of a series of articles which appeared in the International socialist review from May, 1905, to October, 1906."--Pref. |
| 600 10 - SUBJECT ADDED ENTRY--PERSONAL NAME | |
| Personal name | Marx, Karl, |
| Dates associated with a name | 1818-1883. |
| 650 #0 - SUBJECT ADDED ENTRY--TOPICAL TERM | |
| Topical term or geographic name as entry element | Socialism. |
| 9 (RLIN) | 210887 |
| Topical term or geographic name as entry element | Economics. |
| 9 (RLIN) | 210888 |
| 942 ## - ADDED ENTRY ELEMENTS (KOHA) | |
| Source of classification or shelving scheme | Dewey Decimal Classification |
| Koha item type | Books |
| Lost status | Source of classification or shelving scheme | Damaged status | Not for loan | Collection code | Permanent Location | Current Location | Shelving location | Date acquired | Source of acquisition | Cost, normal purchase price | Total Checkouts | Full call number | Date last seen | Copy number | Koha item type |
|---|---|---|---|---|---|---|---|---|---|---|---|---|---|---|---|
| Dewey Decimal Classification | Not For Loan | Non-fiction | Central Library, University of Rajshahi | Central Library, University of Rajshahi | Reading Room | 26/08/1961 | Aligarh Lib. | 12.06 | 335.4 BOT 1915 | 30/04/2017 | C-1 | Books |